000 00622cam a22002291 4500
001 6052004
005 20180104082602.0
008 750410s1955 ilua b 000 0 eng
010 _a 55008868
035 _a(OCoLC)1265797
040 _aDLC
_cOClW-H
_dWaChenE
_dDLC
041 _aeng
042 _apremarc
080 _a615.781 MOO
082 _a615.781 MOO
_a617.96*
100 1 _a6
101 _aANA
245 1 0 _aComplications of regional anesthesia:
504 _aIncludes bibliography.
906 _a7
_bcbc
_coclcrpl
_du
_encip
_f19
_gy-gencatlg
942 _2ddc
_cBK
999 _c39754
_d39754